00772nam a2200181 a 450000100100000000500170001000800410002704000250006808200150009310000240010824500730013226000520020530000210025759000750027870000340035395201860038799900170057300003587520200930074702.0111115s1979 ve 000 0 spa d aDO-SdBNPbspacBNPHU axxxbM183r1 aMaduro, Otto96186510aReligión y lucha de clases /cOtto Maduro ; prólogo Luis Ugalde. aCaracas, Venezuela :bAteneo de Caracas,c1979. a219 p. ;c22 cm. aPerteneció a la biblioteca personal de Juan Isidro Jimenes Grullón1 aUgalde, Luis,epról.932762 001050718MOaGRbGRcCTd2011-11-15iLF1l0oxxx M183rp35875-10r2020-06-25w2020-06-25y1zPerteneció a la biblioteca personal de Juan Isidro Jimenes- GrullónZNo se presta c35366d35366